Idea searching for design (Record no. 51583)
[ view plain ]
| 000 -LEADER | |
|---|---|
| fixed length control field | 02537cam a2200325 i 4500 |
| 001 - CONTROL NUMBER | |
| control field | 929863840 |
| 003 - CONTROL NUMBER IDENTIFIER | |
| control field | APU |
| 005 - DATE AND TIME OF LATEST TRANSACTION | |
| control field | 20250217132640.0 |
| 008 - FIXED-LENGTH DATA ELEMENTS--GENERAL INFORMATION | |
| fixed length control field | 151112t20162016nyua b 001 0 eng |
| 010 ## - LIBRARY OF CONGRESS CONTROL NUMBER | |
| LC control number | 2015044116 |
| 020 ## - INTERNATIONAL STANDARD BOOK NUMBER | |
| International Standard Book Number | 9781472581969 (pbk.) |
| 020 ## - INTERNATIONAL STANDARD BOOK NUMBER | |
| International Standard Book Number | 1472581962 (pbk.) |
| 040 ## - CATALOGING SOURCE | |
| Original cataloging agency | DLC |
| Language of cataloging | eng |
| Transcribing agency | DLC |
| Modifying agency | SF |
| -- | WAN |
| 042 ## - AUTHENTICATION CODE | |
| Authentication code | pcc |
| 100 1# - MAIN ENTRY--PERSONAL NAME | |
| Personal name | Bramston, Dave. |
| 245 10 - TITLE STATEMENT | |
| Title | Idea searching for design |
| Medium | [electronic resource] : |
| Remainder of title | how to research and develop design concepts / |
| Statement of responsibility, etc | by David Bramston and Ye Li. |
| 250 ## - EDITION STATEMENT | |
| Edition statement | 2nd ed. |
| 260 ## - PUBLICATION, DISTRIBUTION, ETC. (IMPRINT) | |
| Place of publication, distribution, etc | London : |
| Name of publisher, distributor, etc | Bloomsbury, |
| Date of publication, distribution, etc | c2016. |
| 300 ## - PHYSICAL DESCRIPTION | |
| Extent | 184 p. : |
| Other physical details | ill. ; |
| Dimensions | 23 cm. |
| 490 0# - SERIES STATEMENT | |
| Series statement | Basics product design. |
| 504 ## - BIBLIOGRAPHY, ETC. NOTE | |
| Bibliography, etc | Includes bibliographical references (pages 173-175) and index. |
| 505 8# - FORMATTED CONTENTS NOTE | |
| Formatted contents note | Machine generated contents note: -- Contents -- IntroductionChapter 1: Just Imagine If It Were Possible -- Absorb -- Thoughts -- Observations -- Student projectChapter 2: Thinking Differently -- Understanding -- Profiles -- Themes -- Student projectChapter 3: Explore Fun -- Materials -- Exploration -- Communication -- Student projectChapter 4: Sensory Perceptions -- Added values -- Emotions -- Conflicts -- Student projectChapter 5: Adopting the Responsibility -- Sustainability -- Tinkering -- Values -- Student projectChapter 6: Evolving the Reality -- Analysis -- Change -- Direction -- Student projectConclusion -- Glossary -- Further resources -- Index -- Acknowledgements and credits. |
| 520 ## - SUMMARY, ETC. | |
| Summary, etc | "The second edition of Idea Searching examines methods of generating and identifying ideas, and teaches you to understand what is being observed and recorded. Using lavish illustrations, concise case studies and practical examples, it explores how different experiences, contexts and references are important in identifying an idea that is appropriate for a particular individual, target audience or culture. Advocating a step-by-step approach to generating ideas and brainstorming, it encourages an open mind in the development of ideas and teaches you to always question convention. The text is accompanied by a variety of case studies and examples of work from the world's best contemporary product designers. It also includes a number of new projects for students, to encourage further exploration of ideas"-- |
| 650 #0 - SUBJECT ADDED ENTRY--TOPICAL TERM | |
| Topical term or geographic name as entry element | Product design. |
| 650 #0 - SUBJECT ADDED ENTRY--TOPICAL TERM | |
| Topical term or geographic name as entry element | Creative thinking. |
| 655 ## - INDEX TERM--GENRE/FORM | |
| Genre/form data or focus term | Electronic books |
| 700 0# - ADDED ENTRY--PERSONAL NAME | |
| Personal name | YeLi. |
| 856 ## - ELECTRONIC LOCATION AND ACCESS | |
| Uniform Resource Identifier | <a href="https://drive.google.com/file/d/1diePtVc2ZW34r1HQHVQuFA-FISsa5-3v/view?usp=sharing">https://drive.google.com/file/d/1diePtVc2ZW34r1HQHVQuFA-FISsa5-3v/view?usp=sharing</a> |
| 942 ## - ADDED ENTRY ELEMENTS (KOHA) | |
| Source of classification or shelving scheme | Library of Congress Classification |
| Item type | eBooks |
| Withdrawn status | Lost status | Source of classification or shelving scheme | Damaged status | Not for loan | Home library | Current library | Date acquired | Inventory number | Total Checkouts | Date last seen | Price effective from | Koha item type |
|---|---|---|---|---|---|---|---|---|---|---|---|---|
| Library of Congress Classification | BSOP Library | Digital Library | 05/10/2024 | eB-00689 | 05/10/2024 | 05/10/2024 | eBooks |
